Einstein simplified: cartoons on science
Uloženo v:
| Hlavní autor: | |
|---|---|
| Médium: | Kniha |
| Jazyk: | angličtina |
| Vydáno: |
New Brunswick
Rutgers University Press
1989
|
| Vydání: | 1a. ed |
| Témata: | |
| Tagy: |
Přidat tag
Žádné tagy, Buďte první, kdo vytvoří štítek k tomuto záznamu!
|
MARC
| LEADER | 00000cam a2200000 a 4500 | ||
|---|---|---|---|
| 001 | UCE3918 | ||
| 003 | CL-VaPUC | ||
| 008 | 141003e19890000us |||||||||||||||||eng|d | ||
| 020 | |a 081351410X | ||
| 082 | 0 | 4 | |a 500.0207 |b HAR |2 21 |
| 100 | |a Harris, Sidney |e author |9 576450 | ||
| 245 | 1 | 0 | |a Einstein simplified: cartoons on science |
| 250 | |a 1a. ed | ||
| 300 | |a pág. irreg | ||
| 942 | |c BK | ||
| 945 | |d 20141003 14:17:00 |a arojas | ||
| 260 | |a New Brunswick |b Rutgers University Press |c 1989 | ||
| 650 | 0 | |a Ciencia |9 255691 | |
| 650 | 0 | |a Humor gráfico |9 536655 | |
| 650 | 0 | |a Dibujos animados |9 341013 | |
| 583 | |a last modification |c 20141003 14:17:00 |k Rodrigo Vera | ||
| 999 | |c 357035 |d 357033 | ||
| 952 | |0 0 |1 0 |3 erb |4 0 |6 500_020700000000000_HAR_1989 |7 0 |8 A |9 464842 |a BIBCUR |b BIBCUR |i 5116317 |o 500.0207 HAR 1989 |p 5116317 |r 2025-04-22 |w 2019-11-23 |y BK |z Catalogado en:20141003 |k BCB | ||